Quizzes
Events
Quiz Creation
Community
Videos
Private Events
Remove Ads
Sign In
Join for FREE
Feedback
Dark Mode
Quiz Categories
Sports
Geography
Music
Movies
Television
Just For Fun
Miscellaneous
History
Literature
Language
Science
Gaming
Entertainment
Religion
Holiday
For Kids
Quiz Lab
Recent
Popular Today
Quiz Kudos Today
Editor Picks
Curator Picks
Quizzes by...
Day
Popularity
Type
Ratings
Length
Year
Community
Subscriptions
Recent Discussions
Orange Saloon
Badges
Playlists
Quests
Create
Leaderboards
Showdown
Live 5
Trivia Bingo
Activity
Puzzle Library
Sporcle Events
Private Events
Virtual Trivia
Globe League
Become a Host
Pub Owners
SporcleCon
Opinionation
Our Games
Videos
Blog
Mobile Apps
Partnerships
Remove Ads and Go Orange
Feedback
Science
Computer
Plants
Astronomy
Chemistry
Elements
Math
Animal
Physics
Anatomy
Biology
Geology
General Science
Science
Computer
Plants
Astronomy
Chemistry
Elements
Math
Animal
Physics
Anatomy
Biology
Geology
General Science
Random Quiz
Search Sporcle
×
Quiz Lab
Quiz Lab
Science
Chemistry
Type in answers that appear in a list
Type in answers that appear in a list
Classic
Best Score? Go Orange.
Chemistry A-level Organic Synthesis Stats
Can you name the Organic Synthesis reagents and conditions?
By
Alex456
10m
37 Questions
7,175 Plays
7,175 Plays
7,175 Plays
Comments
Comments
Give Quiz Kudos
Give Quiz Kudos
-
- Ratings
hide this ad
Forced Order
Answers have to be entered in order
Answers have to be entered in order
Replay
Link that replays current quiz
Next Quiz
Link to next quiz in quiz playlist
You Got
0%
They Got
Avg Score
51%
Avg Friend Score
Upgrade to see
Score Distribution
Jump to the score distribution portion of the page
Score
0/37
Timer
10:00
1
Play Today
Synthesis
Reagent/ Conditions
% Correct
Alkene -
-
> Bromoalkane (reagent)
HBr
93.4%
Alkene -
-
> Dibromoalkane (reagent)
Br2
92.6%
Alkane -
-
> Chloroalkane (reagent)
Cl2
85.2%
Alkene -
-
> Alcohol (reagent)
Water
82%
Alkene -
-
> Alcohol (catalyst)
H2SO4
79.1%
Alkane -
-
> Chloroalkane (conditions)
UV Light
73.3%
Carboxylic Acid -
-
> Ester (reagent)
Alcohol
69.3%
Primary Alcohol -
-
> Carboxylic Acid (condition)
Reflux
68.3%
Primary Alcohol -
-
> Aldehyde (condition)
Distillation
63.9%
Ketone -
-
> Hydroxynitrile (reagent)
Acidified Potassium Cyanide
61.1%
Primary Alcohol -
-
> Aldehyde (reagent)
Acidified Potassium Dichromate
58.9%
Alkene -
-
> Alkane (reagent)
H2
58.7%
Acyl Chloride -
-
> Amide (reagent)
Ammonia
58.6%
Primary Alcohol -
-
> Carboxylic Acid (reagent)
Acidified Potassium Dichromate
57.8%
Secondary Alcohol -
-
> Ketone (reagent)
Acidified Potassium Dichromate
57%
Acyl Chloride -
-
> Ester (reagent)
Alcohol
56.4%
Ketone -
-
> Secondary Alcohol (reagent)
NaBH4
53.8%
Ester -
-
> Carboxylic Acid + Alcohol (reagent)
H2O
53.1%
Alkene -
-
> Alkane (catalyst)
Ni
52.5%
Synthesis
Reagent/ Conditions
% Correct
Haloalkane -
-
> Amine (reagent)
Ammonia
51.2%
Acyl Chloride -
-
> Carboxylic Acid (reagent)
Water
50.5%
Haloalkane -
-
> Alcohol (reagent)
NaOH
48.4%
Ester -
-
> Carboxylic Acid + Alcohol (catalyst)
H+
46%
Carboxylic Acid -
-
> Ester (Catalyst)
H+
45.3%
Nitrile -
-
> Amine (reagent)
H2
42.3%
Benzene -
-
> Acyl-
substituted Arenes (reagent)
Acyl Chloride
39.5%
Nitrile -
-
> Amine (catalyst)
Ni
39.3%
Primary Amine -
-
> N-
substituted Amide (reagent)
Acyl Chloride
37.8%
Benzene -
-
> Acyl-
substituted Arenes (catalyst)
AlCl3
36.6%
Haloalkane -
-
> Nitrile (reagent)
Potassium Cyanide
36.2%
Benzene -
-
> Nitrobenzene (reagent)
conc HNO3 and conc H2SO4
31.5%
Haloalkane -
-
> Alkene (reagent)
NaOH
28.4%
Haloalkane -
-
> Primary Amine (condition)
Excess NH3
22.1%
Alkene -
-
> Alkyl Hydrogen Sulfate (reagent)
Conc H2SO4
18.4%
Haloalkane -
-
> Alcohol (condition)
Warm and Aqueous
17.3%
Nitrobenzene -
-
-
> Phenylamine (reagent)
HCl and Sn
15.1%
Haloalkane -
-
> Alkene (condition)
Hot and Ethanolic
14.6%
Quiz Playlist
Details
Report
Send in Message
Add To Playlist
Classic:
Type in answers that appear in a list
Forced Order:
Answers have to be entered in order
Last Updated: May 13, 2017
Quiz Scoreboard
CHALLENGE
Sign Up to Join the Scoreboard
Show All
Scores
Hide
Comments
May contain spoilers
Recently Published
An Introduction to Baseball
by treessimontrees
Sports
5m
Movies - When Are They Set?
by FPL_Elf
Movies
5m
Popular People in 1961
by mucciniale
History
6m
More to Explore
Quiz From the Vault
Featured Blog Post
Where Did the Easter Bunny Come From?
hide this ad
You Might Also Like...
Tags
Chemistry Quiz
A-Level
condition
organic
reagent
Today's Top Quizzes in Science
Browse Science
hide this ad
Today's Top Quizzes in Chemistry
Browse Chemistry
Top Contributed Quizzes in Science
1
Quick Pick: 'CI-CJ' Animals
2
Elements In Images
3
One Thing in Common: Science
4
Count to 60
5
One Thing in Common: Science III
6
Quick Pick: Radians
7
Square Numbers Scrambled (1-50)
8
One Thing in Common: Science II
9
Sporcle Puzzle Hunt: Science
10
One Thing in Common: Animals
Explore More
Trending Topics
Marvel
Disney
Kpop
NBA
Harry Potter
Crossword
Anime
Song
Soccer
The Office
NFL
WWE
Puzzle
Pokémon
Country
hide this ad
More By:
Alex456
Quiz
Plays
Rating
Category
Featured
Created
Chemistry A-level Organic Synthesis
7,175
4.29
Science
Jan 30, 2015
Standard Hydrogen Electrode
24
1.00
Science
Jan 28, 2015
Go to Creator's Profile
Score Distribution
Quiz Creator Spotlight
Alex456
Follow
Send a Message
Quizzes Created
-
Created Quiz Play Count
-
More By This Creator
Popular Quizzes Today
1
Find the Countries of Europe - No Outlines Minefield
2
Find the US States - No Outlines Minefield
3
The Countries of the World
4
Popular People in 1961
5
US States
6
1-10 Letter E Words III
7
Find the US States
8
Risky Map Clicking: Biggest States A-Z
More Science Quizzes
U, X & Y-Science 7 to 1
Quiz Lab
Trending Quizzes
Risky Map Clicking: Least Populous States A-Z
1-10 Letter F Words
1-10 Letter G Words
One Thing in Common: United Kingdom
Risky Map Clicking: Next State Alphabetically
Recently Updated
Leaping Animals
pecheneg
Reality TV Shows (A-Z)
bhenderson79
Rickey Henderson's Hall of Fame Teammates
pecheneg
Champions League XIs: Arsenal
pecheneg
Quick Pick: Celebrities in WWE's Hall of Fame
aduchscher
A-Z Keypad Blitz II
pecheneg
Multiple Oscar Actors
pecheneg
Mystery Phrase Blitz: Oscar 'Best Actors'
pecheneg
F. Scott Fitzgerald Novels
LTH
Pick 3 Villains
ddd62291
Trending Topics
Harry Potter
Marvel
Crossword
Kpop
NBA
Disney
Anime
NFL
Song
Pokémon
Soccer
WWE
Country
The Office
Puzzle
Your Account Isn't Verified!
In order to create a playlist on Sporcle, you need to verify the email address you used during registration. Go to your
Sporcle Settings
to finish the process.
Report this User
Report this user for behavior that violates our
Community Guidelines
.
Details:
Send Report
Go to the Sporcle.com Mobile Site →
Comments